Hitting the green wall and beyond (Record no. 110981)

MARC details
000 -LEADER
fixed length control field 01231cad a22002175a 4500
001 - CONTROL NUMBER
control field L150789
008 - FIXED-LENGTH DATA ELEMENTS--GENERAL INFORMATION
fixed length control field 100906s2010 xxk f 000 0 eng d
035 ## - SYSTEM CONTROL NUMBER
System control number (Sirsi) u150789
041 0# - LANGUAGE CODE
Language code of text/sound track or separate title eng
110 2# - MAIN ENTRY--CORPORATE NAME
Corporate name or jurisdiction name as entry element British Property Federation
9 (RLIN) 1604
245 00 - TITLE STATEMENT
Title Hitting the green wall and beyond
Remainder of title how is the UK development industry building sustainable foundations?
Medium [electronic resource]
260 ## - PUBLICATION, DISTRIBUTION, ETC.
Date of publication, distribution, etc. 2010
520 ## - SUMMARY, ETC.
Summary, etc. Report surveyed 7000 individuals representing a wealth of organisations across the UK development industry and found all sectors are sceptical about some of the government policy objectives. 73% believe government plans for making all new housing zero carbon by 2016 are unrealistic. However, awareness of and importance attached to sustainability remain high with a clear majority in all sectors considering the sustainability agenda to be very or highly important.
590 ## - LOCAL NOTE (RLIN)
Local note KA NTK
651 #4 - SUBJECT ADDED ENTRY--GEOGRAPHIC NAME
Geographic name United Kingdom
Chronological subdivision
690 ## - LOCAL SUBJECT ADDED ENTRY--TOPICAL TERM (OCLC, RLIN)
Topical term or geographic name as entry element BUILT ENVIRONMENT-SUSTAINABLE CONSTRUCTION
710 1# - ADDED ENTRY--CORPORATE NAME
Corporate name or jurisdiction name as entry element Spada
9 (RLIN) 5741
710 1# - ADDED ENTRY--CORPORATE NAME
Corporate name or jurisdiction name as entry element Taylor Wessing
856 40 - ELECTRONIC LOCATION AND ACCESS
Uniform Resource Identifier <a href="https://reaction.taylorwessing.com/reaction/PDFs/Hitting_the_Green_Wall_and_Beyond.pdf">https://reaction.taylorwessing.com/reaction/PDFs/Hitting_the_Green_Wall_and_Beyond.pdf</a>
Public note View the report free of charge at www.taylorwessing.com
942 ## - ADDED ENTRY ELEMENTS (KOHA)
Suppress in OPAC 0
Holdings
Withdrawn status Lost status Source of classification or shelving scheme Damaged status Not for loan Home library Current library Shelving location Date acquired Total Checkouts Full call number Barcode Date last seen Copy number Price effective from Koha item type
    Dewey Decimal Classification     Virtual Virtual Online 06/09/2010   ONLINE PUBLICATION 150789-2001 06/08/2019 1 06/08/2019 Book